00529nam a2200193 a 4500001001300000003000900013005001700022008004100039020000800080082001700088100002100105245007100126260004600197300000900243500003500252505001000287650001700297700002100314nice12345678IN_TiNIC20260116011441.0050524s1905 cala grp 000 0 eng  ac000a954.025bKEN aKennedy, Pringle aHistory of the Great Moghuls Or History of the Badshahate of Delhi aCalcuttabThacker Spink and Companyc1905 a225p aincludes index and biblioraphy2 aIndex aMughal India1 aKennedy, Pringle